banner-ar

Hidden treasures of ancient Egypt : (Record no. 60584)

MARC details
000 -الفاتح
حقل البيانات ثابتة الطول 00832cam a2200253 a 4500
005 - وقت وتاريخ اخر تعامل مع التسجيلة
رقم الضبط 20240530110417.0
008 - عناصر البيانات ثابتة الطول - معلومات عامة
حقل البيانات ثابتة الطول 040128s2004 dcua f 001 0 eng
020 ## - الرقم الدولى المعيارى للكتب
الرقم الدولى المعيارى للكتاب 9789774161339
040 ## - مصدر الفهرسة
وكالة الفهرسة الأصلية EG-CaGPL
وكالة النسخ EG-CaGPL
043 ## - رمز المنطقة الجغرافية
رمز المنطقة الجغرافية f-ua---
082 00 - رقم تصنيف ديوى العشرى
رقم الطبعة 21
رقم التصنيف 932
رقم المادة C C\Z H
100 1# - المدخل الرئيسى - إسم شخصى
الإسم الشخصى Hawass, Zahi A.
245 10 - بيان العنوان
العنوان Hidden treasures of ancient Egypt :
بقية العنوان unearthing the masterpieces of Egyptian history /
بيان المسئوليه,etc Zahi Hawass ; photographs by Kenneth Garrett.
260 ## - PUBLICATION, DISTRIBUTION, ETC. (IMPRINT)
تاريخ النشر أو التوزيع 2004.
300 ## - الوصف المادى
التعداد 239 p. :
تفاصيل ماديه اخرى للوعاء chiefly col. ill. ;
أبعاد الوعاء 30 cm.
500 ## - تبصرة عامة
تبصرة عامة Includes index.
650 #0 - المدخل الاضافى بالموضوع-مصطلح موضوعى
مصطلح موضوعي Excavations (Archaeology)
التقسيم الفرعي الجغرافي Egypt.
650 #0 - المدخل الاضافى بالموضوع-مصطلح موضوعى
مصطلح موضوعي Art, Egyptian.
651 #0 - المدخل الاضافى بالموضوع - اسم جغرافى
الاسم الجغرافي Egypt
التقسيم الفرعي العام Antiquities.
700 1# - المدخل الاضافى - اسم شخصى
الإسم الشخصى Garrett, Kenneth.
710 2# - المدخل الاضافى - اسم هيئه
اسم الهيئة أو اسم السلطة كمدخل National Geographic Society (U.S.).
942 ## - عناصر المدخل الإضافي( كوها)
مصدر التصنيف او مخطط الترفيف Dewey Decimal Classification
Koha [default] item type كتاب
260 ## - PUBLICATION, DISTRIBUTION, ETC. (IMPRINT)
-- Washington, D.C. :
-- National Geographic,
Holdings
حالة التراجع حالة الفقد مصدر التصنيف او خطة الترفيف حالة تلف ليس للاعارة المكان المؤقت الموقع الحالى تاريخ الاكتساب اجمالي اﻻعارات رقم الطلب الباركود تاريخ اخر مشاهدة تاريخ تفعيل السعر نوع وعاء كوها
    ddc     مكتبة القاهرة الكبرى مكتبة القاهرة الكبرى 03/09/2015   932 C C\Z H 159681 03/09/2015 03/09/2015 كتاب

Powered By

EGPV